00500nam a2200193 a 4500001001300000003000900013005001700022008004100039020001000080082001700090100002000107245004600127260003000173300000800203500003500211505001000246650003000256700002000286nice12345678IN_TiNIC20260116013352.0050524s1991 dela grp 000 0 eng  ac10000a954.092bKUM aKumar, Ravindra aLife and Works of Maulana Abul Kalam Azad aDelhibAtlantic Pubc1991 a89p aincludes index and biblioraphy2 aIndex aAbul Kalam Azad-Biography1 aKumar, Ravindra